|
|
|
|
| LEADER |
01543nam a2200349 a 4500 |
| 001 |
3351611 |
| 008 |
100628r20011987nyua b 001 0 eng d |
| 010 |
|
|
|a 86018546
|
| 020 |
|
|
|a 0074637363
|
| 020 |
|
|
|a 007042330X :
|c $49.95
|
| 020 |
|
|
|a 0070423318 (solutions manual) :
|c $19.95
|
| 040 |
|
|
|a DLC
|c DLC
|d DLC
|d DB-DhAAL
|
| 082 |
0 |
0 |
|a 621.381/7
|2 19
|
| 100 |
1 |
|
|a Millman, Jacob,
|d 1911-
|
| 245 |
1 |
0 |
|a Microelectronics /
|c Jacob Millman, Arvin Grabel.
|
| 250 |
|
|
|a 2nd ed.
|
| 260 |
|
|
|a New York :
|b McGraw-Hill,
|c c1987.[reprinted 2001]
|
| 300 |
|
|
|a xx, 1001 p. :
|b ill. ;
|c 25 cm.
|
| 490 |
0 |
|
|a McGraw-Hill series in electrical engineering.
|p Electronics and electronic circuits
|
| 504 |
|
|
|a Includes bibliographies and index.
|
| 541 |
1 |
|
|e 00008563
|
| 650 |
|
0 |
|a Microelectronics.
|
| 650 |
|
0 |
|a Integrated circuits.
|
| 650 |
|
0 |
|a Electronic circuit design.
|
| 650 |
|
0 |
|a Digital electronics.
|
| 700 |
1 |
|
|a Grabel, Arvin.
|
| 852 |
4 |
|
|a Ayesha Abed Library
|j General Shelf.
|
| 942 |
0 |
0 |
|0 3
|
| 999 |
|
|
|c 9099
|d 9099
|
| 952 |
|
|
|0 0
|1 0
|2 ddc
|4 0
|6 621_381700000000000_MIL_2001
|7 0
|9 11310
|a BRACUL
|b BRACUL
|c GEN
|d 2010-06-28
|l 10
|m 92
|o 621.3817 MIL
|p 3010008563
|r 2019-10-14
|s 2019-02-01
|t 1
|w 2010-06-28
|y BK
|
| 952 |
|
|
|0 0
|1 0
|2 ddc
|4 0
|6 621_381700000000000_MIL_2001
|7 0
|9 11311
|a BRACUL
|b BRACUL
|c GEN
|d 2010-06-28
|l 9
|m 109
|o 621.3817 MIL
|p 3010008565
|r 2024-07-08
|s 2024-06-11
|t 2
|w 2010-06-28
|y BK
|
| 952 |
|
|
|0 0
|1 0
|2 ddc
|4 0
|6 621_381700000000000_MIL
|7 0
|9 11532
|a BRACUL
|b BRACUL
|c GEN
|d 2010-07-04
|l 6
|m 57
|o 621.3817 MIL
|p 3010008566
|r 2023-09-30
|s 2023-09-23
|t 3
|w 2010-07-04
|y BK
|